| 000 | 00312cam a22000977a 4500 | ||
|---|---|---|---|
| 008 | 180718b2002 xxu||||| |||| 00| 0 eng d | ||
| 020 | _a81 7391 458 3 | ||
| 100 | _aSharma, Yogender Kumar | ||
| 245 |
_aKrantikari rajnitik vicharak _cYogender Kumar Sharma |
||
| 260 |
_aNew Delhi _bKanishka Publsher , DIstributers _c2002 |
||
| 999 |
_c438856 _d438856 |
||